Southville International School and Colleges
Your cart is empty.
  • Cart
  • Lists
    Public lists Eva Luna New books Lux_list list_1
    Your lists Log in to create your own lists
  • Log in to your account
  • Your cookies
  • Search history
Southville International School and Colleges
  • Advanced search
  • Recent comments
  • Most popular
  • Libraries

Log in to your account

Log in with GOOGLE


If you do not have an external account, but do have a local account, you can still log in:

  1. Home
  2. MARC view: Registration of land titles and deeds /
Normal view MARC view ISBD view

Registration of land titles and deeds / (Record no. 291545)

[ view plain ]
MARC details
000 -LEADER
fixed length control field 00671nam a2200229Ia 4500
008 - FIXED-LENGTH DATA ELEMENTS--GENERAL INFORMATION
fixed length control field 160319s9999 xx 000 0 und d
020 ## - INTERNATIONAL STANDARD BOOK NUMBER
International Standard Book Number 971-23-1521-5
050 ## - LIBRARY OF CONGRESS CALL NUMBER
Classification number FIL KPM 715
050 ## - LIBRARY OF CONGRESS CALL NUMBER
Item number .P46 1994
100 ## - MAIN ENTRY--PERSONAL NAME
Personal name Peña, Narciso.
245 ## - TITLE STATEMENT
Title Registration of land titles and deeds /
245 ## - TITLE STATEMENT
Statement of responsibility, etc Narciso Peñan Narciso Peña, Jr, Nestor N. Peña.
260 ## - PUBLICATION, DISTRIBUTION, ETC. (IMPRINT)
Place of publication, distribution, etc Manila:
260 ## - PUBLICATION, DISTRIBUTION, ETC. (IMPRINT)
Name of publisher, distributor, etc Rex Book Store, Inc.,
260 ## - PUBLICATION, DISTRIBUTION, ETC. (IMPRINT)
Date of publication, distribution, etc 1994
300 ## - PHYSICAL DESCRIPTION
Extent 867 pages :
300 ## - PHYSICAL DESCRIPTION
Other physical details illustrations ;
300 ## - PHYSICAL DESCRIPTION
Dimensions 23 cm.
650 ## - SUBJECT ADDED ENTRY--TOPICAL TERM
Topical term or geographic name as entry element Land titles -- Registration and transfer -- Philippines.
650 ## - SUBJECT ADDED ENTRY--TOPICAL TERM
Topical term or geographic name as entry element Mortgages -- Philippines.
650 ## - SUBJECT ADDED ENTRY--TOPICAL TERM
General subdivision Deeds -- Philippines.
Holdings
Withdrawn status Lost status Damaged status Home library Current library Shelving location Date acquired Total Checkouts Full call number Barcode Date last seen Price effective from Koha item type
      South Mansfield College South Mansfield College Filipiniana Section 04/11/2011   FIL KPM 715 .P46 1994 SMC05628 03/19/2016 03/19/2016  

Registration of land titles and deeds /

APA

Peña N., .Registration of land titles and deeds. Manila: .

Chicago

Peña Narciso, .Registration of land titles and deeds. Manila: .

Harvard

Peña N., .Registration of land titles and deeds. Manila: .

MLA

Peña Narciso, .Manila: . .

  • Place hold
  • Print
  • Cite
  • Add to your cart (remove)
  • Save record
    BIBTEX Dublin Core MARCXML MARC (non-Unicode/MARC-8) MARC (Unicode/UTF-8) MARC (Unicode/UTF-8, Standard) MODS (XML) RIS
  • More searches
    Search for this title in:
    Other Libraries (WorldCat) Other Databases (Google Scholar) Online Stores (Bookfinder.com) Open Library (openlibrary.org)

Exporting to Dublin Core...

SOUTHVILLE LIBRARY

Southville International School and Colleges Library

1281 Tropical Ave. Cor. Luxembourg St., BF Homes International, Las Pinas City

Tel. No. 8256374 / 252358 Loc. 117/146

Powered by Koha